[Event "China-Africa Friendship"]
[Site "Changsha"]
[Date "2025.06.16"]
[Round "5"]
[White "Chen, KaiLin"]
[Black "Paulo, Jemima"]
[Result "0-1"]
[WhiteElo "2311"]
[BlackElo "1970"]
[PlyCount "96"]
[EventDate "2025.06.15"]
[EventType "swiss (rapid)"]
[EventRounds "8"]
[EventCountry "CHN"]
[SourceTitle "CB26_2025"]
[SourceDate "2025.06.25"]
[SourceVersion "1"]
[SourceVersionDate "2025.06.25"]
[SourceQuality "1"]

1. e4 e5 2. Nf3 Nc6 3. Bb5 Nf6 4. d3 Bc5 5. 0-0 d6 6. c3 0-0 7. h3 Ne7 8. d4 Bb6 9. Re1 c6 10. Ba4 Ng6 11. Nbd2 h6 12. Nf1 Nh5 13. dxe5 dxe5 14. Qxd8 Rxd8 15. Be3 Bc7 16. Rad1 Be6 17. Bc2 Nhf4 18. Ng3 b5 19. a4 a5 20. Rxd8+ Rxd8 21. axb5 cxb5 22. Ne2 Nd3 23. Rb1 a4 24. Ne1 Nxe1 25. Rxe1 Bc4 26. f3 Ne7 27. Kf2 Nc8 28. Nc1 Bb6 29. Rd1 Rxd1 30. Bxd1 Be6 31. Be2 Bxe3+ 32. Kxe3 Nd6 33. Bd3 Kf8 34. f4 f6 35. h4 exf4+ 36. Kxf4 g5+ 37. hxg5 fxg5+ 38. Ke5 Ke7 39. Kd4 h5 40. Kc5 Nc4 41. Kxb5 Nxb2 42. Bb1 Nd1 43. Kb4 h4 44. Bc2 Ne3 45. Bxa4 Nxg2 46. Nd3 g4 47. Bd1 g3 48. Bf3 h3 0-1

[Event "China-Africa Friendship"]
[Site "Changsha"]
[Date "2025.06.16"]
[Round "6"]
[White "Paulo, Jemima"]
[Black "Jin, Ruijun"]
[Result "1/2-1/2"]
[WhiteElo "1970"]
[BlackElo "1906"]
[PlyCount "94"]
[EventDate "2025.06.15"]
[EventType "swiss (rapid)"]
[EventRounds "8"]
[EventCountry "CHN"]
[SourceTitle "CB26_2025"]
[SourceDate "2025.06.25"]
[SourceVersion "1"]
[SourceVersionDate "2025.06.25"]
[SourceQuality "1"]

1. e4 d5 2. exd5 Qxd5 3. c4 Qe4+ 4. Ne2 Qxc4 5. Nbc3 Qd3 6. Nf4 Qd8 7. d4 Nf6 8. Bc4 c6 9. Qb3 e6 10. 0-0 Bd6 11. Re1 0-0 12. h3 Qc7 13. Nfe2 Nbd7 14. Bd2 Nb6 15. Bd3 Nbd5 16. Rac1 Nxc3 17. bxc3 c5 18. Bb1 h6 19. Rcd1 b6 20. dxc5 bxc5 21. Qc4 Nd5 22. Qd3 f5 23. c4 Nf6 24. Nc3 a6 25. Be3 Rd8 26. Qe2 Rb8 27. Bc1 e5 28. Qc2 Be6 29. Nd5 Bxd5 30. cxd5 e4 31. a3 Be5 32. Ba2 Kh8 33. Qc4 Qd6 34. Be3 Rdc8 35. Rb1 f4 36. Bd2 Bd4 37. Bc3 Bxc3 38. Qxc3 Rxb1 39. Rxb1 c4 40. Rd1 Rc5 41. Bxc4 e3 42. Qd4 e2 43. Bxe2 Rxd5 44. Qa1 Rd2 45. Rxd2 Qxd2 46. Qd1 Qa5 47. Qd3 Qe1+ 1/2-1/2

[Event "China-Africa Friendship"]
[Site "Changsha"]
[Date "2025.06.15"]
[Round "4"]
[White "He, Ziyu"]
[Black "Paulo, Jemima"]
[Result "1-0"]
[WhiteElo "1743"]
[BlackElo "1970"]
[PlyCount "53"]
[EventDate "2025.06.15"]
[EventType "swiss (rapid)"]
[EventRounds "8"]
[EventCountry "CHN"]
[SourceTitle "CB26_2025"]
[SourceDate "2025.06.25"]
[SourceVersion "1"]
[SourceVersionDate "2025.06.25"]
[SourceQuality "1"]

1. e4 c5 2. Nf3 d6 3. d4 cxd4 4. Nxd4 Nf6 5. Nc3 g6 6. Be2 Bg7 7. Be3 0-0 8. Qd2 a6 9. h4 Nc6 10. h5 Ne5 11. hxg6 fxg6 12. Bg5 b5 13. a3 Bb7 14. Ne6 Qd7 15. Nxf8 Rxf8 16. f3 Nh5 17. 0-0-0 Ng3 18. Rh2 Nxe2+ 19. Qxe2 Nc4 20. Rdh1 h5 21. g4 Rc8 22. gxh5 Nxb2 23. hxg6 Rxc3 24. Rh8+ Bxh8 25. Rxh8+ Kg7 26. Qh2 Nd3+ 27. Kb1 1-0

[Event "China-Africa Friendship"]
[Site "Changsha"]
[Date "2025.06.15"]
[Round "3"]
[White "Paulo, Jemima"]
[Black "Zhi, Jingyi"]
[Result "1-0"]
[WhiteElo "1970"]
[BlackElo "1668"]
[PlyCount "57"]
[EventDate "2025.06.15"]
[EventType "swiss (rapid)"]
[EventRounds "8"]
[EventCountry "CHN"]
[SourceTitle "CB26_2025"]
[SourceDate "2025.06.25"]
[SourceVersion "1"]
[SourceVersionDate "2025.06.25"]
[SourceQuality "1"]

1. e4 e5 2. Nf3 Nc6 3. Bb5 Nf6 4. 0-0 Nxe4 5. Re1 Nd6 6. Bxc6 dxc6 7. Nxe5 Be7 8. Qe2 Be6 9. d3 0-0 10. Nxf7 Rxf7 11. Qxe6 Qf8 12. Be3 Re8 13. Qb3 Kh8 14. Nd2 Nf5 15. Nf3 Nxe3 16. Rxe3 Rd8 17. Ne5 Rf5 18. g4 Rxe5 19. Rxe5 Bd6 20. Re4 Qf6 21. d4 Qh4 22. h3 h5 23. Qe3 hxg4 24. Rxg4 Qf6 25. Qg5 Qf8 26. Re1 Kg8 27. Re6 Rd7 28. Qh5 Be7 29. Rh6 1-0

[Event "Wch U18 Girls"]
[Site "Florianopolis"]
[Date "2024.11.06"]
[Round "8"]
[White "Paulo, Jemima"]
[Black "Sipos, Stefania Katalin"]
[Result "1-0"]
[WhiteElo "1953"]
[BlackElo "1820"]
[PlyCount "69"]
[EventDate "2024.10.29"]
[EventType "swiss"]
[EventRounds "11"]
[EventCountry "BRA"]
[SourceTitle "CB45_2024"]
[Source "ChessBase"]
[SourceDate "2024.11.06"]
[SourceVersion "1"]
[SourceVersionDate "2024.11.06"]
[SourceQuality "1"]

1. c4 Nf6 2. Nc3 g6 3. g3 Bg7 4. Bg2 d6 5. d4 0-0 6. Nf3 c6 7. Bf4 Nh5 8. Bc1 Qb6 9. 0-0 Na6 10. Rb1 Bg4 11. Be3 Bf5 12. Na4 Qc7 13. Rc1 e5 14. a3 c5 15. dxe5 dxe5 16. Qb3 Rab8 17. Rfd1 Rfd8 18. Nc3 Nf6 19. Bg5 Be6 20. Nb5 Qb6 21. Nxe5 Nc7 22. Qa4 Rxd1+ 23. Rxd1 h6 24. Nxc7 Qxc7 25. Bxf6 Bxf6 26. Nd7 Bxd7 27. Rxd7 Qe5 28. Bd5 Rf8 29. e3 Qxb2 30. Rxb7 Qc1+ 31. Kg2 Bg5 32. Rxf7 Rxf7 33. Qe8+ Kg7 34. Qxf7+ Kh8 35. Qg8# 1-0

[Event "Wch U18 Girls"]
[Site "Florianopolis"]
[Date "2024.11.03"]
[Round "6"]
[White "Paulo, Jemima"]
[Black "De Ramos, Mitzi Vedan"]
[Result "1-0"]
[WhiteElo "1953"]
[BlackElo "1814"]
[PlyCount "75"]
[EventDate "2024.10.29"]
[EventType "swiss"]
[EventRounds "11"]
[EventCountry "BRA"]
[SourceTitle "CB45_2024"]
[Source "ChessBase"]
[SourceDate "2024.11.06"]
[SourceVersion "1"]
[SourceVersionDate "2024.11.06"]
[SourceQuality "1"]

1. c4 Nf6 2. Nc3 g6 3. e4 d6 4. g3 Bg7 5. Bg2 0-0 6. Nge2 Nbd7 7. Rb1 Ne5 8. d3 Bg4 9. f4 Nf3+ 10. Kf2 Nd4 11. h3 Bxe2 12. Nxe2 Nxe2 13. Qxe2 Nd7 14. Bf3 e6 15. Re1 f5 16. exf5 exf5 17. Bxb7 Rb8 18. Bc6 Nc5 19. Be3 Rb6 20. Bd5+ Kh8 21. b4 Qb8 22. Bxc5 dxc5 23. b5 Bc3 24. Qe7 Bf6 25. Qxc5 Rd6 26. Kg2 Qd8 27. Re2 Re8 28. Rbe1 Re7 29. g4 fxg4 30. hxg4 Rdd7 31. g5 Rxe2+ 32. Rxe2 Bxg5 33. fxg5 Qxg5+ 34. Kf1 Qc1+ 35. Re1 Qf4+ 36. Qf2 Qd6 37. Qd4+ Rg7 38. Re8+ 1-0

[Event "Wch U18 Girls"]
[Site "Florianopolis"]
[Date "2024.10.29"]
[Round "1"]
[White "Roose, Hoara"]
[Black "Paulo, Jemima"]
[Result "0-1"]
[WhiteElo "1578"]
[BlackElo "1953"]
[PlyCount "80"]
[EventDate "2024.10.29"]
[EventType "swiss"]
[EventRounds "11"]
[EventCountry "BRA"]
[SourceTitle "CB45_2024"]
[Source "ChessBase"]
[SourceDate "2024.11.06"]
[SourceVersion "1"]
[SourceVersionDate "2024.11.06"]
[SourceQuality "1"]

1. d4 Nf6 2. Nf3 d5 3. Bg5 e6 4. e3 Nbd7 5. Nbd2 Be7 6. c4 0-0 7. Rc1 b6 8. Qc2 c5 9. Bd3 Bb7 10. 0-0 Rc8 11. Qd1 Ne4 12. Bxe7 Qxe7 13. Ne1 cxd4 14. exd4 Qb4 15. Bxe4 dxe4 16. b3 Nf6 17. Nc2 Qd6 18. Nb1 Nd7 19. Nc3 f5 20. d5 exd5 21. Nxd5 Ne5 22. h3 Nd3 23. Rb1 Bxd5 24. cxd5 Qxd5 25. Ne3 Qc5 26. Qe2 Rfe8 27. Nc4 f4 28. Nb2 f3 29. Qe3 Qxe3 30. fxe3 fxg2 31. Rfd1 Rc3 32. Nc4 b5 33. Na3 a6 34. Kxg2 Re6 35. Kh2 Ne5 36. Rb2 Rxe3 37. Rg2 Rh6 38. Rg3 Re2+ 39. Rg2 Nf3+ 40. Kh1 Rxh3+ 0-1

[Event "Africa-ch (Women)"]
[Site "Accra"]
[Date "2024.03.17"]
[Round "6"]
[White "Paulo, Jemima"]
[Black "Yavo Tchetche, Marie"]
[Result "1-0"]
[WhiteElo "1946"]
[BlackElo "1659"]
[PlyCount "97"]
[EventDate "2024.03.13"]
[EventType "swiss"]
[EventRounds "9"]
[EventCountry "GHA"]
[SourceTitle "EXT 2025"]
[Source "ChessBase"]
[SourceDate "2024.10.14"]
[SourceVersion "1"]
[SourceVersionDate "2024.10.14"]
[SourceQuality "1"]

1. c4 Nf6 2. Nf3 g6 3. b3 Bg7 4. Bb2 0-0 5. g3 d6 6. Bg2 Nc6 7. 0-0 e5 8. d4 Nd7 9. e3 Rb8 10. Nc3 exd4 11. exd4 Nf6 12. Qd2 Bf5 13. d5 Ne5 14. Nxe5 dxe5 15. Rfe1 Nd7 16. Ba3 Re8 17. Rad1 Qf6 18. d6 c6 19. Ne4 Qd8 20. Nc5 b6 21. Na6 Rc8 22. Nc7 Rxc7 23. dxc7 Qxc7 24. Qd6 Qxd6 25. Bxd6 c5 26. Bc6 Rd8 27. Bxd7 Rxd7 28. Bb8 e4 29. Rxd7 Bxd7 30. Re2 e3 31. Rxe3 Bd4 32. Re7 Bf5 33. Bxa7 Bb1 34. Bxb6 Bxa2 35. b4 Kf8 36. Rc7 Bxc4 37. Bxc5+ Bxc5 38. Rxc5 Ba6 39. b5 Bb7 40. Rc7 Bd5 41. b6 Kg7 42. b7 Bxb7 43. Rxb7 h6 44. h4 Kf6 45. f4 h5 46. Kf2 Ke6 47. Ke3 f6 48. Ke4 Kd6 49. Rg7 1-0

[Event "Africa-ch U20 Girls"]
[Site "Nouakchott"]
[Date "2023.12.07"]
[Round "4"]
[White "Djerroud, Chahrazed"]
[Black "Paulo, Jemima"]
[Result "1/2-1/2"]
[WhiteElo "1654"]
[BlackElo "1846"]
[PlyCount "72"]
[EventDate "2023.12.06"]
[EventType "swiss"]
[EventRounds "9"]
[EventCountry "MAU"]
[SourceTitle "EXT 2025"]
[Source "ChessBase"]
[SourceDate "2024.10.14"]
[SourceVersion "1"]
[SourceVersionDate "2024.10.14"]
[SourceQuality "1"]

1. e4 c5 2. Nf3 d6 3. d4 cxd4 4. Nxd4 Nf6 5. Nc3 g6 6. Be3 Bg7 7. f3 0-0 8. Qd2 Nc6 9. 0-0-0 d5 10. exd5 Nxd5 11. Nxc6 bxc6 12. Bd4 e5 13. Bc5 Be6 14. Ne4 Qb8 15. Bc4 Rd8 16. Bb3 Rd7 17. Ba3 Nf4 18. Qf2 Rd4 19. Bc5 Bxb3 20. axb3 a5 21. Nc3 Ne6 22. Bxd4 exd4 23. Na4 c5 24. Qf1 Qe5 25. Kb1 Rb8 26. Qa6 Qc7 27. Rhe1 Nf4 28. g3 Ng2 29. Re2 Ne3 30. Rde1 Qd7 31. Qd3 c4 32. Qd2 cxb3 33. cxb3 Qf5+ 34. Ka2 Qxf3 35. Rxe3 dxe3 36. Rxe3 Qf5 1/2-1/2

[Event "Africa-ch U20 Girls"]
[Site "Nouakchott"]
[Date "2023.12.06"]
[Round "2"]
[White "Boshoma, Chisomo"]
[Black "Paulo, Jemima"]
[Result "0-1"]
[WhiteElo "1736"]
[BlackElo "1846"]
[PlyCount "118"]
[EventDate "2023.12.06"]
[EventType "swiss"]
[EventRounds "9"]
[EventCountry "MAU"]
[SourceTitle "EXT 2025"]
[Source "ChessBase"]
[SourceDate "2024.10.14"]
[SourceVersion "1"]
[SourceVersionDate "2024.10.14"]
[SourceQuality "1"]

1. e4 c5 2. Nf3 d6 3. d4 cxd4 4. Nxd4 Nf6 5. Nc3 g6 6. Be3 Bg7 7. f3 0-0 8. Qd2 Nc6 9. Bc4 Bd7 10. 0-0-0 Rc8 11. Bb3 Ne5 12. Kb1 Nc4 13. Bxc4 Rxc4 14. g4 b5 15. h4 b4 16. Nd5 Nxd5 17. exd5 Qc7 18. h5 Rc8 19. hxg6 fxg6 20. b3 Rc3 21. Qh2 h5 22. gxh5 Bf5 23. hxg6 Rxc2 24. Qh7+ Kf8 25. Qxg7+ Kxg7 26. Nxf5+ Kf6 27. Nd4 Rg2 28. g7 Qc3 29. Bc1 Kxg7 30. Nf5+ Kf6 31. Ne3 Re2 32. Rh4 Kf7 33. Re4 Rc2 34. Nc4 Rf2 35. Rf4+ Ke8 36. Ne3 Re2 37. Re4 Re1 38. Rxe1 Qxe1 39. Nc4 Qg3 40. Bf4 Qg1+ 41. Bc1 Kd7 42. f4 Qd1 43. Re3 Rg8 44. Nb2 Qxd5 45. Re1 Rg2 46. Rd1 Rxb2+ 47. Kxb2 Qxd1 48. f5 Qd4+ 49. Kb1 Qd3+ 50. Kb2 Qxf5 51. a4 a5 52. Bd2 Kc6 53. Kc1 Kd5 54. Kb2 Kd4 55. Be1 Kd3 56. Bd2 Kxd2 57. Ka2 Kc2 58. Ka1 Qe5+ 59. Ka2 Qb2# 0-1

[Event "Africa-ch (Women)"]
[Site "Giza"]
[Date "2023.05.12"]
[Round "8"]
[White "Romany, Joy"]
[Black "Paulo, Jemima"]
[Result "0-1"]
[WhiteElo "1736"]
[BlackElo "1862"]
[PlyCount "90"]
[EventDate "2023.05.06"]
[EventType "swiss"]
[EventRounds "9"]
[EventCountry "EGY"]
[SourceTitle "CBM 214 Extra"]
[Source "ChessBase"]
[SourceDate "2023.07.31"]
[SourceVersion "1"]
[SourceVersionDate "2023.07.31"]
[SourceQuality "1"]

1. d4 d5 2. c4 e6 3. g3 Nf6 4. Bg2 Be7 5. Nf3 0-0 6. 0-0 c6 7. Nbd2 b6 8. Qc2 Bb7 9. e4 Na6 10. e5 Nd7 11. a3 c5 12. cxd5 Bxd5 13. dxc5 bxc5 14. Ne4 f5 15. exf6 Nxf6 16. Nfg5 g6 17. Rd1 Qa5 18. Bf1 c4 19. Bd2 Qb6 20. Be3 Qc6 21. f3 Nd7 22. Nh3 Ne5 23. Nf4 Bxe4 24. Qxe4 Qxe4 25. fxe4 Bc5 26. Bxc5 Nxc5 27. Bg2 Kf7 28. Rf1 Ke7 29. Rad1 Rab8 30. Rb1 Na4 31. Rfe1 Rfd8 32. Re2 Rb3 33. Bh3 Nf3+ 34. Kh1 Rd2 35. Rxd2 Nxd2 36. Re1 Rxb2 37. Nxe6 c3 38. Nd4 Rb1 39. Rxb1 Nxb1 40. Bg4 Nxa3 41. Bd1 Nb2 42. Bc2 Kd6 43. Bb3 Ke5 44. Nc2 Nxc2 45. Bxc2 Nc4 0-1

[Event "Olympiad Women-44"]
[Site "Chennai"]
[Date "2022.07.30"]
[Round "2.4"]
[White "Blokhin, Sofia"]
[Black "Paulo, Jemima"]
[Result "1-0"]
[WhiteElo "1996"]
[BlackElo "1850"]
[PlyCount "73"]
[EventDate "2022.07.29"]
[EventType "team-swiss"]
[EventRounds "11"]
[EventCountry "IND"]
[SourceTitle "CBM 210"]
[Source "ChessBase"]
[SourceDate "2022.10.31"]
[SourceVersion "1"]
[SourceVersionDate "2022.10.31"]
[SourceQuality "1"]
[WhiteTeam "Estonia (W)"]
[BlackTeam "Angola (W)"]
[WhiteTeamCountry "EST"]
[BlackTeamCountry "ANG"]

1. e4 c5 2. Nf3 d6 3. d4 cxd4 4. Nxd4 Nf6 5. Nc3 g6 6. Be3 Bg7 7. f3 0-0 8. Qd2 Nc6 9. 0-0-0 d5 10. Kb1 Na5 11. e5 Nd7 12. Nxd5 Nxe5 13. Nb3 Nac6 14. Qe1 Bf5 15. Nf6+ Bxf6 16. Rxd8 Rfxd8 17. Be2 Rac8 18. g4 Be6 19. Nc5 Bd5 20. Rf1 Nc4 21. Bxc4 Bxc4 22. Rh1 Ne5 23. g5 Nxf3 24. Qg3 Nxg5 25. Bxg5 Bxg5 26. Qxg5 Rd5 27. Qxe7 Rdxc5 28. Rd1 Rd5 29. Re1 Rd2 30. Qxb7 Be6 31. c3 Bf5+ 32. Ka1 Rcd8 33. a4 Rxh2 34. Qxa7 Bc2 35. Rf1 f5 36. Re1 Re2 37. Rxe2 1-0

[Event "Online Olym Div2 D"]
[Site "Chess.com INT"]
[Date "2021.09.04"]
[Round "9.3"]
[White "Paulo, Jemima"]
[Black "Nassr, Ryma"]
[Result "0-1"]
[WhiteElo "1754"]
[BlackElo "1509"]
[PlyCount "158"]
[EventDate "2021.09.02"]
[EventType "team (rapid)"]
[EventRounds "9"]
[EventCountry "USA"]
[SourceTitle "CBM 204 Extra"]
[Source "ChessBase"]
[SourceDate "2021.11.30"]
[SourceVersion "1"]
[SourceVersionDate "2021.11.30"]
[SourceQuality "1"]
[WhiteTeam "Angola"]
[BlackTeam "Algeria"]
[WhiteTeamCountry "ANG"]
[BlackTeamCountry "ALG"]

1. c4 c5 2. Nc3 Nc6 3. Nf3 Nf6 4. d4 cxd4 5. Nxd4 e5 6. Ndb5 d6 7. Bg5 a6 8. Na3 Be7 9. e3 0-0 10. Be2 Bf5 11. 0-0 h6 12. Bh4 Ne4 13. Nxe4 Bxe4 14. Bxe7 Qxe7 15. Bd3 Bxd3 16. Qxd3 Rfd8 17. Rad1 Rd7 18. Qe4 Rad8 19. Rd2 Qe6 20. g4 Ne7 21. Nc2 d5 22. cxd5 Nxd5 23. Re2 Nf6 24. Qf5 Nxg4 25. Qf3 Qg6 26. Kh1 Qh5 27. Qg3 Nxh2 28. Rg1 Ng4+ 29. Kg2 Nf6 30. Kf1 Rd1+ 31. Re1 g6 32. Kg2 Ne4 33. Qf3 Qxf3+ 34. Kxf3 Ng5+ 35. Kg3 R1d2 36. Rc1 Ne4+ 37. Kf3 Nxf2 38. Ne1 e4+ 39. Kg3 Nd3 40. Ng2 Nxb2 41. Kf4 Rf2+ 42. Kxe4 Na4 43. Nf4 Re8+ 44. Kd3 Rxa2 45. Rc7 Ra3+ 46. Kd2 Raxe3 47. Nd5 Re2+ 48. Kd3 R2e6 49. Nf4 Rd6+ 50. Kc2 Rc6+ 51. Rxc6 bxc6 52. Ra1 Re4 53. Nd3 Rc4+ 54. Kd2 Nc5 55. Ne5 Rd4+ 56. Kc3 Rd6 57. Kc4 Ne4 58. Rxa6 Nd2+ 59. Kc3 Ne4+ 60. Kc4 h5 61. Nxc6 Kg7 62. Kb5 Nc3+ 63. Kc5 Re6 64. Ra3 Ne4+ 65. Kd5 Nf6+ 66. Kc5 h4 67. Nd4 Re5+ 68. Kc6 Rh5 69. Nf3 h3 70. Nh2 g5 71. Rg3 Kg6 72. Rg1 Ne4 73. Kd5 Nc3+ 74. Ke5 f6+ 75. Ke6 Ne2 76. Nf3 Nxg1 77. Nxg1 h2 78. Nf3 h1Q 79. Ne5+ fxe5 0-1

[Event "Online Olym Div3 C"]
[Site "Chess.com INT"]
[Date "2021.08.28"]
[Round "6.4"]
[White "Lubuuto, Bwalya Mulwale"]
[Black "Paulo, Jemima"]
[Result "0-1"]
[WhiteElo "1743"]
[BlackElo "1754"]
[PlyCount "76"]
[EventDate "2021.08.27"]
[EventType "team-tourn (rapid)"]
[EventRounds "9"]
[EventCountry "USA"]
[SourceTitle "CBM 204 Extra"]
[Source "ChessBase"]
[SourceDate "2021.11.30"]
[SourceVersion "1"]
[SourceVersionDate "2021.11.30"]
[SourceQuality "1"]
[WhiteTeam "Zambia"]
[BlackTeam "Angola"]
[WhiteTeamCountry "ZAM"]
[BlackTeamCountry "ANG"]

1. d4 Nf6 2. c4 g6 3. Nc3 Bg7 4. e3 0-0 5. Nf3 d6 6. h3 a5 7. Be2 Nbd7 8. 0-0 e5 9. Qc2 c6 10. b3 Qe7 11. Bb2 Re8 12. dxe5 dxe5 13. Rad1 Nf8 14. Rd2 e4 15. Nd4 Bd7 16. Rfd1 Rad8 17. Bf1 Qc5 18. Nde2 Qg5 19. Ng3 Qh4 20. Na4 Nh5 21. Nxh5 Bxb2 22. Qxb2 gxh5 23. Nc5 Bf5 24. Nxb7 Rxd2 25. Qxd2 Qg5 26. Kh2 Re6 27. g3 h4 28. g4 Rg6 29. Be2 h5 30. Rg1 hxg4 31. Bxg4 Bc8 32. Nxa5 f5 33. Nxc6 fxg4 34. Nd4 g3+ 35. fxg3 hxg3+ 36. Kg2 Bxh3+ 37. Kh1 Qh5 38. Re1 Bg2+ 0-1

[Event "World Cup U14 Girls Prel"]
[Site "Tornelo INT"]
[Date "2021.08.11"]
[Round "5"]
[White "Liavonava, Yuliya"]
[Black "Paulo, Jemima"]
[Result "0-1"]
[WhiteElo "1423"]
[BlackElo "1754"]
[PlyCount "120"]
[EventDate "2021.08.11"]
[EventType "swiss (rapid)"]
[EventRounds "10"]
[EventCountry "NET"]
[SourceTitle "EXT 2025"]
[Source "ChessBase"]
[SourceDate "2024.10.14"]
[SourceVersion "1"]
[SourceVersionDate "2024.10.14"]
[SourceQuality "1"]

1. c4 Nf6 2. Nc3 g6 3. d4 Bg7 4. e4 d6 5. f4 0-0 6. Nf3 Nbd7 7. Bd3 e5 8. fxe5 dxe5 9. d5 Nh5 10. 0-0 c6 11. b4 Qb6+ 12. Kh1 Qxb4 13. Qc2 h6 14. a4 a5 15. Ba3 Qb6 16. Rab1 Qd8 17. Bxf8 Nxf8 18. c5 Nf4 19. Bc4 Nd7 20. Qa2 Nxc5 21. dxc6 bxc6 22. Bxf7+ Kh7 23. g3 Be6 24. Qa3 Nfd3 25. Bxe6 Nxe6 26. Rbd1 Nec5 27. Ne1 Qd4 28. Nxd3 Nxd3 29. Kg2 Rd8 30. Rf7 c5 31. Rdf1 Rd7 32. Rxd7 Qxd7 33. Qb3 Nb4 34. Nd5 Qg4 35. Qb2 Qxe4+ 36. Rf3 Qxd5 37. Qf2 e4 38. Re3 Nd3 39. Qe2 c4 40. Kg1 Bd4 41. Kg2 Bxe3 42. Qxe3 Nc5 43. Qf4 e3+ 44. Kh3 Qf5+ 45. Qxf5 gxf5 46. g4 f4 47. g5 hxg5 48. Kg4 Kg6 49. h4 e2 50. h5+ Kh6 51. Kf5 e1Q 52. Kg4 Qe2+ 53. Kh3 g4+ 54. Kh4 Qh2+ 55. Kxg4 Qg3+ 56. Kf5 f3 57. Kf6 Qg5+ 58. Kf7 Qf5+ 59. Ke8 Qe6+ 60. Kf8 Nd7# 0-1

[Event "World Cup U14 Girls Prel"]
[Site "Tornelo INT"]
[Date "2021.08.11"]
[Round "7"]
[White "Mohd Fadzli, Saffiah Maisarah"]
[Black "Paulo, Jemima"]
[Result "0-1"]
[WhiteElo "1384"]
[BlackElo "1754"]
[PlyCount "54"]
[EventDate "2021.08.11"]
[EventType "swiss (rapid)"]
[EventRounds "10"]
[EventCountry "NET"]
[SourceTitle "EXT 2025"]
[Source "ChessBase"]
[SourceDate "2024.10.14"]
[SourceVersion "1"]
[SourceVersionDate "2024.10.14"]
[SourceQuality "1"]

1. d4 Nf6 2. Bf4 g6 3. Nf3 Bg7 4. c4 0-0 5. Nc3 d6 6. e3 Nbd7 7. Be2 h6 8. h3 Nh7 9. 0-0 e5 10. Bg3 Kh8 11. Qb3 c6 12. dxe5 dxe5 13. Rfd1 Qe7 14. e4 f5 15. Nd2 f4 16. Bh2 Ng5 17. Nf3 h5 18. Nxg5 Qxg5 19. Bf3 Nc5 20. Qa3 Ne6 21. Ne2 Nd4 22. Nxd4 exd4 23. Kh1 Be6 24. Rac1 Qh6 25. Qd3 g5 26. e5 g4 27. Be4 Bxe5 0-1

[Event "World Cup U14 Girls Prel"]
[Site "Tornelo INT"]
[Date "2021.08.11"]
[Round "6"]
[White "Paulo, Jemima"]
[Black "Tang, Zoey"]
[Result "1-0"]
[WhiteElo "1754"]
[BlackElo "1985"]
[PlyCount "83"]
[EventDate "2021.08.11"]
[EventType "swiss (rapid)"]
[EventRounds "10"]
[EventCountry "NET"]
[SourceTitle "EXT 2025"]
[Source "ChessBase"]
[SourceDate "2024.10.14"]
[SourceVersion "1"]
[SourceVersionDate "2024.10.14"]
[SourceQuality "1"]

1. c4 e5 2. Nc3 Bb4 3. Nf3 Bxc3 4. bxc3 d6 5. g3 Ne7 6. Bg2 0-0 7. 0-0 f5 8. Qb3 Kh8 9. a4 Nd7 10. Ba3 Nf6 11. c5 Nc6 12. cxd6 cxd6 13. Ng5 Qe7 14. e4 h6 15. Nf3 Nxe4 16. Rfe1 Be6 17. Qc2 Rad8 18. d3 Ng5 19. Nxe5 Nxe5 20. Rxe5 Qf6 21. Ree1 f4 22. Bc1 f3 23. Bxg5 hxg5 24. Bxf3 Qxf3 25. Rxe6 g4 26. Rae1 Qf5 27. Qd2 Kh7 28. c4 d5 29. R1e5 Qf7 30. cxd5 Rxd5 31. d4 Rxe5 32. Rxe5 Kg8 33. d5 Qf6 34. Qe3 Qd6 35. Rg5 Qd7 36. Qe5 Rc8 37. Kg2 Kh8 38. Qe4 Kg8 39. Rxg4 Rd8 40. Rg5 Qf7 41. Re5 Kf8 42. Rf5 1-0

[Event "World Cup U14 Girls Prel"]
[Site "Tornelo INT"]
[Date "2021.08.11"]
[Round "10"]
[White "Paulo, Jemima"]
[Black "Unurzul, Davaakhuu"]
[Result "1-0"]
[WhiteElo "1754"]
[BlackElo "1462"]
[PlyCount "107"]
[EventDate "2021.08.11"]
[EventType "swiss (rapid)"]
[EventRounds "10"]
[EventCountry "NET"]
[SourceTitle "EXT 2025"]
[Source "ChessBase"]
[SourceDate "2024.10.14"]
[SourceVersion "1"]
[SourceVersionDate "2024.10.14"]
[SourceQuality "1"]

1. c4 Nf6 2. Nc3 g6 3. Nf3 Bg7 4. g3 d6 5. Bg2 0-0 6. 0-0 c6 7. d4 Nbd7 8. a3 a5 9. Qc2 Nb6 10. c5 dxc5 11. dxc5 Nbd5 12. Rd1 Qc7 13. Na4 Bf5 14. Qb3 e5 15. Nh4 Be6 16. Qc2 Rad8 17. e4 Ne7 18. Bd2 Nh5 19. Nb6 f5 20. Bxa5 Rxd1+ 21. Rxd1 fxe4 22. Bxe4 Nd5 23. b4 Nxb6 24. Bxb6 Qf7 25. Nf3 Bb3 26. Qd3 Bxd1 27. Qxd1 Qe6 28. Ng5 Qe7 29. Qb3+ Kh8 30. h4 Nf6 31. Qd3 Nxe4 32. Nxe4 Qe6 33. Bc7 Qf5 34. Qe3 Rf7 35. Bd6 Bf8 36. Ng5 Rd7 37. Bxe5+ Bg7 38. Bd6 Rd8 39. Qb3 Rd7 40. Qe3 Rd8 41. a4 h6 42. Nf3 Qb1+ 43. Kh2 Qxb4 44. Ne5 Kh7 45. h5 Qb2 46. hxg6+ Kg8 47. Ng4 Qd4 48. Qe6+ Kh8 49. Kh3 h5 50. Nh6 Qf6 51. Nf7+ Kg8 52. Nxd8+ Qxe6+ 53. Nxe6 Bf6 54. Bf4 1-0

[Event "Wch FIDE Online U14 Girls Africa qual"]
[Site "Tornelo INT"]
[Date "2020.11.30"]
[Round "7"]
[White "Paulo, Jemima"]
[Black "Ait Bentaleb, Hiba"]
[Result "1-0"]
[WhiteElo "1489"]
[BlackElo "1728"]
[PlyCount "104"]
[EventDate "2020.11.28"]
[EventType "swiss (rapid)"]
[EventRounds "7"]
[EventCountry "ISS"]
[SourceTitle "EXT 2022"]
[Source "ChessBase"]
[SourceDate "2021.10.06"]
[SourceVersion "1"]
[SourceVersionDate "2021.10.06"]
[SourceQuality "1"]

1. c4 e5 2. Nc3 Nc6 3. g3 Bc5 4. Bg2 Nf6 5. e3 d6 6. Nge2 Bf5 7. d4 exd4 8. exd4 Bb4 9. 0-0 0-0 10. Bg5 Bxc3 11. Nxc3 h6 12. Bxf6 Qxf6 13. Nd5 Qd8 14. Re1 Qd7 15. b4 Rfe8 16. Qd2 Rac8 17. b5 Ne7 18. Nf4 Ng6 19. Nxg6 Bxg6 20. Rxe8+ Rxe8 21. Bxb7 Qg4 22. f3 Qe6 23. Bd5 Qf6 24. a4 Bh5 25. Kf2 c5 26. bxc6 Rc8 27. Re1 Bg4 28. Qf4 Bf5 29. g4 Bc2 30. Qxf6 gxf6 31. Re7 Bxa4 32. Rxf7 Kh8 33. Rxf6 Bxc6 34. Rxh6+ Kg7 35. Rxd6 Bxd5 36. Rxd5 Rxc4 37. Rd7+ Kf6 38. Rxa7 Rxd4 39. Kg3 Rd3 40. h4 Rd1 41. g5+ Kf5 42. Ra5+ Kg6 43. Ra6+ Kf5 44. Rf6+ Ke5 45. f4+ Ke4 46. Kg4 Rg1+ 47. Kh5 Ra1 48. g6 Ra8 49. g7 Rg8 50. Kh6 Kd5 51. Rf8 Rxg7 52. Kxg7 Ke6 1-0

[Event "Wch FIDE Online U14 Girls Africa qual"]
[Site "Tornelo INT"]
[Date "2020.11.28"]
[Round "2"]
[White "Paulo, Jemima"]
[Black "Badenhorst, Chloe"]
[Result "1-0"]
[WhiteElo "1489"]
[BlackElo "1321"]
[PlyCount "85"]
[EventDate "2020.11.28"]
[EventType "swiss (rapid)"]
[EventRounds "7"]
[EventCountry "ISS"]
[SourceTitle "EXT 2022"]
[Source "ChessBase"]
[SourceDate "2021.10.06"]
[SourceVersion "1"]
[SourceVersionDate "2021.10.06"]
[SourceQuality "1"]

1. c4 e5 2. Nc3 Nf6 3. g3 c6 4. Bg2 d5 5. cxd5 cxd5 6. a3 Nc6 7. d3 Be6 8. Nf3 Bd6 9. Ng5 0-0 10. Nxe6 fxe6 11. 0-0 Rc8 12. Bh3 Qe7 13. Qb3 Nd4 14. Qd1 Nf5 15. Bg5 h6 16. Bd2 a6 17. Rc1 b5 18. e3 d4 19. Ne4 Rxc1 20. Bxc1 g5 21. Qb3 Ng7 22. Bd2 Nxe4 23. dxe4 Kh8 24. Qd3 Bc5 25. exd4 exd4 26. e5 Nf5 27. Rc1 h5 28. Ba5 g4 29. Bg2 h4 30. b4 hxg3 31. hxg3 Qf7 32. bxc5 Ne7 33. Qxd4 Nf5 34. Qxg4 Nh6 35. Qe2 Qf5 36. c6 Ng4 37. Bh3 Qxf2+ 38. Qxf2 Nxf2 39. Bf1 Ng4 40. c7 Rc8 41. Bh3 Nxe5 42. Bc3 Rxc7 43. Bxe5+ 1-0